Constraints, Attitudes and Travel Behaviour of Low Income Household in two Developing Cities / (Record no. 2056)

000 -LEADER
fixed length control field 00426 a2200109 4500
022 ## - INTERNATIONAL STANDARD SERIAL NUMBER
International Standard Serial Number 09684107
082 ## - DEWEY DECIMAL CLASSIFICATION NUMBER
Classification number 307.12 PAL
100 ## - MAIN ENTRY--PERSONAL NAME
Personal name Palmer, C J
245 ## - TITLE STATEMENT
Title Constraints, Attitudes and Travel Behaviour of Low Income Household in two Developing Cities /
Statement of responsibility, etc. C J Palmer , A J Astrop, D A C Maunder
260 ## - PUBLICATION, DISTRIBUTION, ETC.
Place of publication, distribution, etc. England :
Name of publisher, distributor, etc. Transport Research Foundation Group of Companies,
Date of publication, distribution, etc. 1997
300 ## - PHYSICAL DESCRIPTION
Extent 19p. :
Other physical details ill. ;
Dimensions 30 cm
650 ## - SUBJECT ADDED ENTRY--TOPICAL TERM
Topical term or geographic name entry element Constraints -- Travel Behaviour
Holdings
Withdrawn status Lost status Damaged status Not for loan Permanent Location Current Location Shelving location Date acquired Total Checkouts Full call number Barcode Date last seen Price effective from Koha item type
        School of Civil and Environmental Engineering (SCEE) School of Civil and Environmental Engineering (SCEE)       307.12 PAL NIT-2258 01/05/2017 01/05/2017 Book
© 2023 Central Library, National University of Sciences and Technology. All Rights Reserved.